Algunos elementos de comprensión de la realidad hondureña
Guardado en:
| Formato: | Texto |
|---|---|
| Materias: | |
| Etiquetas: |
Agregar Etiqueta
Sin Etiquetas, Sea el primero en etiquetar este registro!
|
MARC
| LEADER | 00000 a a2200000 04500 | ||
|---|---|---|---|
| 001 | 17842 | ||
| 003 | |||
| 040 | |||
| 245 | |a Algunos elementos de comprensión de la realidad hondureña | ||
| 650 | |a ECONOMIA | ||
| 650 | |a PRODUCTO INTERNO BRUTO | ||
| 650 | |a SALARIOS | ||
| 650 | |a HONDURAS | ||
| 773 | |g volumen 3, número 18; páginas 143-144 | ||
| 999 | |c 29281 |d 29281 | ||
| 773 | 0 | |0 42391 |9 3988 |a Agencia Latinoamericana de Información, ALAI |d Quito, Ecuador: ALAI |o 03855 |t ALAI: |x 08275564 (Servicio mensual de información y documentación) | |
